01384cam a22003378i 45000010009000000050017000090080041000260100017000670200038000840200024001220200024001460400023001700420008001930500027002010820014002281000025002422450073002672500017003402600047003572630009004043000024004135040051004375050257004885210016007456500043007616500038008046500021008427000026008637000025008897760132009141808770420140930151921.0140331s2014 nju b 001 0 eng  a 2014005239 a9781118542408 (pbk. : alk. paper) z9781118880180 (ebk) z9781118880203 (ebk) aDLCbengerdacDLC apcc00aHF 5625.15b.St78 201400a174/.96571 aStuart, Iris,d1950-10aAccounting ethics /cIris Stuart, Bruce Stuart, Lars J. T. Pedersen. a1st Edition. aU.S.A. :bJohn Wiley & Sons, Inc.,cc2014. a1405 a300 pages :c25 cm. aIncludes bibliographical references and index.0 aPurpose, background, and approach -- The technical and ethical responsibilities in accounting -- Decision making in accounting -- A decision model for accounting ethics -- Defining the problem : from an accounting and an ethical point of view -- Index. aAccountancy 0aAccountingxMoral and ethical aspects. 0aAccountantsxProfessional ethics. 0aBusiness ethics.1 aStuart, Bruce,d1947-1 aPedersen, Lars J. T.08iOnline version:aStuart, Iris, 1950-tAccounting ethicsbFirst Edition.dHoboken : Wiley, 2014z9781118880197w(DLC) 2014012836